000 00478nam a2200193Ia 4500
003 GCL
008 140319s9999 xx 000 0 eng d
040 _aGCL /
_cGCL
082 0 4 _a342
_bB W
100 1 _aBRADLY, A.W.
245 1 0 _aCONSTITUTIONAL AND ADMINISTRATIVE LAW /
_cBRADLY, A.W.
700 1 _aEWING, KEITH
260 _a[S.N] :
_bELBS ،
_c1993
300 _a782 P
650 0 4 _aLAW
650 0 4 _aADMINSTRATION
650 0 4 _aCONSTITUTIONAL LAW
942 _2ddc
_cBK
999 _c19905
_d19905